Mathematics-IX (Term 1 & 2) (Record no. 12104)

MARC details
000 -LEADER
fixed length control field 00255nam a22000977a 4500
008 - FIXED-LENGTH DATA ELEMENTS--GENERAL INFORMATION
fixed length control field 221031b |||||||| |||| 00| 0 eng d
020 ## - INTERNATIONAL STANDARD BOOK NUMBER
International Standard Book Number 9789394417007
100 ## - MAIN ENTRY--PERSONAL NAME
Personal name Sharma R.D
245 ## - TITLE STATEMENT
Title Mathematics-IX (Term 1 & 2)
260 ## - PUBLICATION, DISTRIBUTION, ETC. (IMPRINT)
Place of publication, distribution, etc. New Delhi
Name of publisher, distributor, etc. Dhanpat
Date of publication, distribution, etc. 2022-2023
Holdings
Withdrawn status Lost status Source of classification or shelving scheme Damaged status Koha normalized classification for sorting Not for loan Home library Current library Shelving location Date acquired Total Checkouts Full call number Barcode Date last seen Date last checked out Price effective from Koha item type
    Dewey Decimal Classification   SHA_510_000000000000000   Good Samaritan School Library Good Samaritan School Library Mathematics 10/31/2022 3 SHA510 SHA17326 10/01/2024 09/11/2024 10/31/2022 BOOK
    Dewey Decimal Classification   SHA_510_000000000000000   Good Samaritan School Library Good Samaritan School Library Mathematics 10/31/2022 7 SHA510 SHA17328 09/25/2024 09/17/2024 10/31/2022 BOOK

Powered by Koha